000 00586nam a2200169Ia 4500
008 090711s9999 xx 000 0 und d
082 _b73677
100 _aसप्रे Sाौधरी विद्या
245 _aवज्रलेख
260 _bदेशमुख आणि कंपनी पब्लिशर्स
_c1994
300 _a496
600 _aसप्रे Sाौधरी विद्या
630 _aवज्रलेख
700 _aसप्रे Sाौधरी विद्या
730 _aवज्रलेख
942 _cBOOK
999 _c330573
_d330573